Words Starting With C - Statistics

General Stats
  • This quiz has been taken 74 times
  • The average score is 56 of 100
Answer Stats
Hint Answer % Correct
common household pet Cat
100%
a desert served at birthdays Cake
98%
a container you eat beans in Can
95%
an automobile Car
95%
opposite of dirty Clean
95%
a large mammal you drink milk from Cow
94%
taxis Cab
92%
a baseball hat Cap
92%
something you sit on Chair
92%
used to take photos Camera
89%
Old people use it to walk Cane
88%
a man who wears so much make up at birthday parties Clown
88%
an animal you eat eggs Chicken
86%
a black bird Crow
86%
a desert plant Cactus
85%
royalty live in this Castle
85%
something used to tell time Clock
85%
a book where you read superheros Comic
85%
PC or Laptop Computer
85%
breakfeast you eat with milk Cereal
82%
the fastest land animal Cheetah
82%
the middle Center
80%
kids Children
78%
baby animals Cub
78%
a house in the woods Cabin
77%
a desert land mammal Camel
77%
small yellow birds Canary
77%
used to play Blackjack, Go Fish, & Poker Card
77%
to win dishonestly you ___ Cheat
77%
something you drink from Cup
77%
an US State California
74%
a hat royalty use Crown
74%
a orange vegetable Carrot
72%
moving drawings that makes you laugh Cartoon
72%
side of the face Cheek
72%
a cook Chef
72%
the animal Sebastian from Little Mermaid is Crab
72%
ice ____ Cream
72%
a city where the government is Capital
71%
a microscopic object Cell
71%
a lizard that blends in Chameleon
71%
reefs underwater Coral
69%
a festival where you find Merry Go Round Carnival
66%
a festival where you can find the above Circus
66%
4th largest country China
65%
a rug in the house Carpet
62%
a desert made by Chips Ahoy Cookie
60%
a drawing supply Crayon
58%
3d Square Cube
58%
something in the sky Cloud
57%
where you sleep in the woods Camp
55%
something you use to light a room Candle
55%
relative of oysters Clam
55%
used to make pottery Clay
55%
something used to tell where you are Compass
55%
an insect related to grasshoppers Cricket
55%
a type of snake Cobra
54%
a nation Country
54%
fried squid Calamari
52%
right now events Current
52%
something used to tell the date Calender
51%
a soft thing you sit on Couch
51%
smart Clever
49%
food found on island Coconut
48%
a red fruit Cherry
46%
a yellow vegetable Corn
46%
a mark a fallen asteroid leaves Crater
46%
a dairy Cheese
45%
a giant carnivorous reptiles Crocodile
43%
a fish Cod
40%
a bird with long legs Crane
40%
used to make hair straight Comb
38%
a spice Cinnamon
37%
a green vegetable Cabbage
35%
an instrument Clarinet
34%
something used to keep prisoners from escape Chain
32%
where you put plates in Cabinet
31%
where you store pencils Case
29%
something you put foods in to take anywhere Container
29%
a junk food Candy
28%
money Coin
28%
a house in the woods Cottage
28%
food eaten with soups Crackers
28%
a spicy vegetable Chili
26%
a dessert you eat Chocolate
26%
a drink to keep you away Coffee
25%
used to makes clothes Cotton
23%
a person or anthropomorphic animal created by an artist Character
20%
a relative to squid & octopus Cuttlefish
18%
baby Caterpillar Caterpillar
17%
a brown insect Cockroach
17%
a deer Caribou
15%
a type of rodent Chipmunk
14%
a flightless bird Cassowary
12%
a carnivorous arthropod Centipede
12%
a dessert you eat Cupcake
12%
a drawing items Chalk
11%
an instrument Cymbal
9%
a fruit Cantelope
6%
Lobsters are a type of Crustecean
3%
No matching quizzes found
Score Distribution
Percent of People with Each Score
Percentile by Number Answered
Your Score History
You have not taken this quiz